000 01303nam a2200337 i 4500
003 EG-GICUC
005 20260121101650.0
008 260105s19941414su ||||fr|||| 00| 0 ara d
017 _a1414/0455
020 _a9960-14-002-4
040 _a EG-GICUC
_bara
_c EG-GICUC
_d EG-GICUC
_erda
041 0 _aara
082 0 4 _221
_a345.6
_bم ح . ق
092 0 4 _221
099 _aLaw1 345.6 م ح . ق 1 ed - 1994
100 0 _aمحمد عبدالعال السنارى
_eمؤلف.
245 1 2 _aالقرارات الإدارية في المملكة العربية السعودية :
_b( دراسة قانونية تحليلية مقارنة ) /
_cالدكتور محمد عبدالعال السنارى.
250 _aالطبعة الأولى
264 1 _aالرياض :
_bمعهد الإدارة العامة،
_c1994.
300 _a411 ؛ صفحة
_c24 سم.
336 _2rda content
_atext
337 _2rda media
_aComputer
338 _2rda carrier
_aOnline Resource
504 _a. 391-402 ببليوجرافيا: صفحات
546 _aالنص باللغة العربية
650 1 4 _aمجال اللائحة والقانون
650 1 4 _aالقانون الإداري
856 4 0 _uhttps://fll.law.cu.edu.eg/fulltext/bks/B07-02377.pdf
905 _a77
942 _2ddc
_cBK
_e21
_n0
999 _c54696
_d54696